Les femmes élues à l'Académie Française - Statistiques

Statistiques générales
  • Ce quiz a été pris 56 fois
  • Le résultat moyen est 3 sur 9
Statistiques - réponses
# Election Prénom et Nom Dates % Correct
1 1980 Marguerite Yourcenar 1903-1987
82%
6 2008 Simone Veil 1927-2017
66%
3 1990 Hélène Carrère d'Encausse 1929-...
46%
2 1988 Jacqueline de Romilly 1913-2010
30%
5 2005 Assia Djebar 1936-2015
14%
9 2018 Barbara Cassin 1947-...
12%
8 2013 Dominique Bona 1953-...
12%
7 2011 Danièle Sallenave 1940-...
10%
4 2000 Florence Delay 1941-...
10%
Aucun quiz correspondant
Distribution des résultats
% des personnes avec chaque résultat
Percentile par nombre de réponses
Votre historique - résultats
Vous n’avez pas pris ce quiz